000 00502nam a2200157 4500
008 170123b xxu||||| |||| 00| 0 eng d
022 _a0893-8989
082 _aDPer 363.205 P75 May-Dec 2015 V. 39
100 _918526
_aHunt, Leigh
245 _aReaching out the community/
_cLeigh Hunt.
260 _aCalifornia:
_bBobit Business Media,
_cc2015.
300 _apages 32-38;
_c28 cm.
500 _aPolice: the law enforcement magazine.
650 0 _918527
_aCommunity development
942 _2ddc
_cPER
999 _c6129
_d6129